| 000 | 00716pam a2200205 i 4500 | ||
|---|---|---|---|
| 020 | _a007037984X | ||
| 082 | 0 | 0 |
_a005.133 _bLEE |
| 100 | 1 |
_aLipschutz, Seymour. _98529 |
|
| 245 | 1 | 0 |
_aSchaum's outline of theory and problems of programming with Fortran / _cby Seymour Lipschutz and Arthur Poe. |
| 250 | _a2ndi | ||
| 260 |
_aNew York : _bMcGraw-Hill, _cc1978. |
||
| 300 |
_a314 p. ; _c28 cm. |
||
| 490 | 0 | _aSchaum's outline series | |
| 500 | _aIncludes index. | ||
| 526 |
_a0 _b0 _c0 _d005_133000000000000_LEE |
||
| 650 | 0 |
_aFORTRAN (Computer program language) _xProblems, exercises, etc. _936641 |
|
| 700 | 1 |
_aPoe, Arthur, _936642 |
|
| 856 | 4 | 1 | _uhttp://www.loc.gov/catdir/toc/mh021/77024492.html |
| 942 |
_2ddc _cBK |
||
| 999 |
_c541655 _d541655 |
||